Statistics for Name a Valid World City #2

Click here to take the quiz!

General Stats

  • This quiz has been taken 1,155 times
    (1,133 since last reset)
  • The average score is 12 of 20

Answer Stats

Name a world city...World City% Correct
formerly located in the USSRKiev, Moscow, Saint Petersburg, Tashkent
97%
at least 95% guessed on the Biggest Cities quizNew York City, London, Tokyo
97%
in Europe that's the largest in its timezoneLondon, Moscow
92%
in the United States that ends in OChicago, Orlando, San Francisco, San Diego
86%
that has hosted a FIFA World Cup final after 2000Berlin, Johannesburg, Moscow, Rio de Janeiro
80%
that is the capital of a "-stan" countryKabul, Tashkent
74%
accounting for >5% of its continent's populationBrisbane, Melbourne, Sao Paulo, Sydney
66%
whose name is alphabetically before AdelaideAbidjan, Abuja, Accra, Addis Ababa
65%
located in Central America or the CaribbeanGuatemala City, Santo Domingo
65%
in an Asian country that borders the Red SeaAmman, Jeddah, Riyadh
62%
that's the largest starting with R in its continentRio de Janeiro, Riyadh, Rome
59%
in China that contains four lettersXi'an, Zibo
55%
in Africa that's part of the GMT time zoneAbidjan, Accra, Casablanca, Dakar
46%
within 2 degrees of the EquatorKampala, Nairobi, Singapore
46%
outside of Italy, within 1000 km of RomeBarcelona, Frankfurt, Algiers
44%
whose name is only one syllable longRome, Seoul
44%
whose country's name is only one syllable longAthens, Barcelona, Madrid, Paris
41%
that's largest in its 5° of latitude, lower than 25°SBuenos Aires, Johannesburg, Melbourne
36%
that is a megacity part of OPECLagos, Tehran
32%
that was formerly a megacity in the 2010sLima
6%

Score Distribution

Percentile by Number Answered

Percent of People with Each Score

Your Score History

You have not taken this quiz since the last reset